00551nam a2200181Ia 450000500170000000800410001704000190005804100120007708200200008910000220010924500890013126000460022030000150026650400190028165000410030065100180034185000100035920230404101458.0131103s9999 xx 000 0 und d aLoreto College aEnglish a822.91bYEA-NAT aLeonard E. Nathan 4aThe Tragic drama of William Butler Yeatsb figures in a dance cby Leonard E. Nathan aNew YorkbColumbia University Pressc1965 avii,307p.  aIncludes index aYeats, William Butler - tragic drama aEnglish drama aLCLIB